000 00579nam a2200193Ia 4500
008 151119s9999||||xx |||||||||||||| ||und||
082 _a613.2
082 _bGKKV23529
100 _aगाला ध रा
245 _aरसाहार करा निरोगी रहा
260 _a--
260 _b--
260 _c0
600 _aगाला ध रा
630 _aरसाहार करा निरोगी रहा
700 _aगाला ध रा
730 _aरसाहार करा निरोगी रहा
942 _cBOOK
999 _c1076169
_d1076166